| 000 | nam a22 a 4500 | ||
|---|---|---|---|
| 999 |
_c2905 _d2905 |
||
| 003 | AKMAL | ||
| 005 | 20170518151618.0 | ||
| 008 | 170518s1994 my a00 may d | ||
| 020 |
_a9836242295 (kkt.): _cRM 20.00 |
||
| 082 | 0 | 4 | _a658 ABD |
| 090 | 0 | 0 |
_a658 _bABD |
| 100 | 0 |
_aAbdullah Sanusi Ahmad, _cDato' _96099 |
|
| 245 | 1 | 0 |
_aPerkembangan pentadbiran awam dan pengurusan : _bkoleksi ceramah umum / _cAbdulllah Sanusi Ahmad |
| 260 |
_aKuala Lumpur : _bDewan Bahasa dan Pustaka, _c1994 |
||
| 300 |
_ax, 209ms. : _bil. ; _c22cm |
||
| 500 | _aMengandungi indeks | ||
| 504 | _aBibliografi: ms. 199-202 | ||
| 650 |
_aPublic administration _zMalaysia _9419 |
||
| 650 |
_aManagement _zMalaysia _92916 |
||
| 650 |
_aIndustrial management _zMalaysia _96100 |
||
| 650 |
_aPersonnel management _zMalaysia _94136 |
||
| 942 |
_2ddc _cBOOK |
||